|
|
|
|
| LEADER |
02192nkm a2200505 a 4500 |
| 001 |
mzk03001060133 |
| 003 |
CZ BrMZK |
| 005 |
20110912103138.0 |
| 007 |
kj bo| |
| 008 |
080212s1654 gw ||| f || k|gerod |
| 034 |
0 |
|
|a a
|d E0095339
|e E0095519
|f N0514833
|g N0514738
|
| 040 |
|
|
|a BOA001
|b cze
|
| 043 |
|
|
|a e-gx---
|
| 072 |
|
7 |
|a 76
|x Grafické umění. Grafika
|2 Konspekt
|9 21
|
| 080 |
|
|
|a (0.026.6)76
|2 MRF
|
| 080 |
|
|
|a (084.1)
|2 MRF
|
| 080 |
|
|
|a (430.117)
|2 MRF
|
| 080 |
|
|
|a 912.43:069.5
|2 MRF
|
| 100 |
1 |
|
|a Merian, Caspar,
|d 1627-1686
|7 mzk2010577478
|4 aut
|
| 245 |
1 |
0 |
|a Saltz der Helden
|h [grafika] /
|c Conr. Buno Delineavit ; C. M. f.
|
| 246 |
3 |
|
|a Salzderhelden
|
| 255 |
|
|
|a Měřítko neuvedeno
|c (009°53´39" v.d.--009°55´19" v.d./051°48´33" s.š.--051°47´38" s.š.)
|
| 260 |
|
|
|a [Frankfurt am Main :
|b Merian,
|c 1654]
|
| 300 |
|
|
|a 1 grafický list :
|b mědirytina, podlepená papírem ;
|c 20 x 32 cm na listu 20 x 33 cm
|
| 500 |
|
|
|a Podlepeno papírem o velikosti 57 x 66 cm
|
| 500 |
|
|
|a Původně součást Merianova souboru "Topographia und Eigentliche Beschreibung Der Vornembsten Stäte, Schlösser auch anderer Plätze und Örter in denen Hertzogthümern Braunschweig und Lüneburg"
|
| 501 |
|
|
|a Přívazek 2 k Salder / [Merian]
|
| 510 |
3 |
|
|a IKAR
|
| 510 |
4 |
|
|a Kuchař, K. Mapová sbírka B.P. Molla,
|c s. 423
|
| 655 |
|
7 |
|a grafické listy
|7 fd132404
|2 czenas
|
| 655 |
|
7 |
|a veduty
|7 fd133805
|2 czenas
|
| 650 |
0 |
4 |
|a Mollova mapová sbírka
|
| 650 |
0 |
7 |
|a mapové sbírky
|z Česko
|7 ph182407
|2 czenas
|
| 610 |
2 |
7 |
|a Moravská zemská knihovna (Brno, Česko).
|b Mapová sbírka B.P. Molla
|7 mzk2005304487
|2 czenas
|
| 651 |
|
7 |
|a Dolní Sasko (Německo)
|7 ge129048
|2 czenas
|
| 700 |
1 |
|
|a Buno, Konrad,
|d 1613-1671
|7 mzk2009528260
|4 ill
|
| 856 |
4 |
1 |
|u http://mapy.mzk.cz/mzk03/001/060/133/2619268166_03
|y Digitalizovaný dokument
|
| 903 |
|
|
|a RP
|
| 910 |
|
|
|a BOA001
|b Moll-0005.386,přív.2
|
| 978 |
|
|
|b Merian, Matthäus - dědici
|a Frankfurt a.M.
|c 1654
|
| 984 |
|
|
|a Frankfurt nad Mohanem
|b Německo
|
| 985 |
|
|
|a 1651-1700
|
| 990 |
|
|
|a GP
|
| 991 |
|
|
|k mzk
|
| 994 |
|
|
|a UP
|l MZK03
|b 001060126
|m přívazek 2
|n záznam 1. díla (pro objednání pokračujte kliknutím)
|